000 00980nmc a2200313 a 4500
003 AR-BaBNM
005 20251128204147.0
008 186019s1984 ||||||||||||||000 | spa||
020 _a950-25-0082-2
040 _cAR-BaBNM
100 1 _aMangone, Carlos
245 1 0 _aUniversidad y peronismo
_b1946-1955
260 _aBuenos Aires
_bCentro Editor de América Latina
_c1984
300 _a161 p.
490 0 _aBiblioteca política Argentina
_vv. 83
500 _aApéndice documental en p.82-161
500 _aIncluye documentos de la Federación Universitaria Argentina y artículos publicados en las revistas Verbum, Centro y Contorno
600 1 4 _aPerón, Juan Domingo
650 4 _aHISTORIA ARGENTINA
650 4 _aPOLITICA
650 4 _aHISTORIA DE LA EDUCACION
650 4 _aESTADO Y EDUCACION
650 4 _aUNIVERSIDADES
651 4 _aArgentina
700 1 _aWarley, Jorge A.
800 1 _aTroncoso, Oscar
_edirector
942 _cBK
998 _cenrique
999 _c6422
_d6422